<?xml version="1.0" encoding="UTF-8"?>
<record
    xmlns:xsi="http://www.w3.org/2001/XMLSchema-instance"
    xsi:schemaLocation="http://www.loc.gov/MARC21/slim http://www.loc.gov/standards/marcxml/schema/MARC21slim.xsd"
    xmlns="http://www.loc.gov/MARC21/slim">

  <leader>03766cam a22004934i 4500</leader>
  <controlfield tag="003">PE-LiUPU</controlfield>
  <controlfield tag="005">20250731173112.0</controlfield>
  <controlfield tag="008">190102s2018    miua    r     001 0 eng  </controlfield>
  <datafield tag="020" ind1=" " ind2=" ">
    <subfield code="a">0310534453</subfield>
  </datafield>
  <datafield tag="020" ind1=" " ind2=" ">
    <subfield code="a">9780310534457</subfield>
  </datafield>
  <datafield tag="035" ind1=" " ind2=" ">
    <subfield code="a">(Sirsi) a251248</subfield>
  </datafield>
  <datafield tag="049" ind1=" " ind2=" ">
    <subfield code="a">PRUA</subfield>
  </datafield>
  <datafield tag="082" ind1="0" ind2="4">
    <subfield code="a">226.3067</subfield>
    <subfield code="b">R31</subfield>
    <subfield code="2">23</subfield>
  </datafield>
  <datafield tag="245" ind1="0" ind2="0">
    <subfield code="a">Reading Mark in context :</subfield>
    <subfield code="b">Jesus and Second Temple Judaism /</subfield>
    <subfield code="c">Ben C. Blackwell, John K. Goodrich &amp; Jason Maston, editors.</subfield>
  </datafield>
  <datafield tag="264" ind1=" " ind2="1">
    <subfield code="a">Grand Rapids :</subfield>
    <subfield code="b">Zondervan,</subfield>
    <subfield code="c">[2018].</subfield>
  </datafield>
  <datafield tag="300" ind1=" " ind2=" ">
    <subfield code="a">286 p&#xE1;ginas :</subfield>
    <subfield code="b">ilustraciones;</subfield>
    <subfield code="c">23 cent&#xED;metros</subfield>
  </datafield>
  <datafield tag="336" ind1=" " ind2=" ">
    <subfield code="a">text</subfield>
    <subfield code="2">rdacontent</subfield>
  </datafield>
  <datafield tag="337" ind1=" " ind2=" ">
    <subfield code="a">unmediated</subfield>
    <subfield code="2">rdamedia</subfield>
  </datafield>
  <datafield tag="338" ind1=" " ind2=" ">
    <subfield code="a">volume</subfield>
    <subfield code="2">rdacarrier</subfield>
  </datafield>
  <datafield tag="504" ind1=" " ind2=" ">
    <subfield code="a">&#xCD;ndice: p&#xE1;ginas 267-286.</subfield>
  </datafield>
  <datafield tag="505" ind1="0" ind2=" ">
    <subfield code="a">Rule of the community and Mark 1:1-13: -- The parables of Enoch and Mark 1:14-2:12: the authoritative Son of Man  -- Josephus and Mark 2:13-3:6: controversies with the scribes and Pharisees -- The testaments of the twelve patriarchs and Mark 3:7-35: apocalyptic and the kingdom -- 4Ezra and Mark 4:1-34: parables on seeds, sowing, and fruit -- The Testament of Solomon and Mark 5:1-20: exorcism and power over evil spirits -- Mishnah Zabim and Mark 5:21-6:6a: the rules on purity -- Josephus and Mark 6:6b-29: Herod Antipas's execution of John the Baptist -- 4QConsolations and Mark 6:30-56: images of a new exodus -- The letter of Aristeas and Mark 7:1-23: developing ideas of defilement -- Jubilees and Mark 7:24-37: crossing ethnic boundaries -- The Damascus document and Mark 8:1-26: blindness and sight on "the way" -- Sirach and Mark 8:27-9:13: Elijah and the Eschaton -- Tobit and Mark 9:14-29: imperfect faith -- Rule of the community and Mark 9:30-50: discipleship reordered -- Mishnah Gittin and Mark 10:1-12: marriage and divorce -- Eschatological admonition and Mark 10:13-31: riches, poverty, and the faithful -- Rule of the congregation and Mark 10:32-52: glory and greatness in eschatological Israel -- 1 Maccabees and Mark 11:1-11: a subversive entry into Jerusalem -- Psalms of Solomon and Mark 11:12-25: the great priestly showdown at the temple -- The animal apocalypse and Mark 11:27-12:12: the rejection of the prophets and the destruction of the temple -- Josephus and Mark 12:13-27: the Sadducees, resurrection, and the law --  Psalms of Solomon and Mark 12:28-44: the Messiah's surprising identity and role -- The parables of Enoch and Mark 13:1-37: apocalyptic eschatology and the coming Son of Man --Mishnah Pesahim and Mark 14:1-25: the Passover tradition -- The Babylonian Talmud and Mark 14:26-52: Abba, Father! -- The parables of Enoch and Mark 14:53-73: blasphemy and exaltation -- Philo of Alexandria and Mark 15:1-15a: Pontius Pilate, a spineless governor? -- 11QTemple and Mark 15:15b-47: burying the crucified -- 2 Maccabees and Mark 16:1-8: resurrection as hope for the present.</subfield>
  </datafield>
  <datafield tag="526" ind1=" " ind2=" ">
    <subfield code="a">SEG42</subfield>
  </datafield>
  <datafield tag="526" ind1=" " ind2=" ">
    <subfield code="a">SEG41</subfield>
  </datafield>
  <datafield tag="526" ind1=" " ind2=" ">
    <subfield code="a">SEG40</subfield>
  </datafield>
  <datafield tag="526" ind1=" " ind2=" ">
    <subfield code="a">SEG39</subfield>
  </datafield>
  <datafield tag="526" ind1=" " ind2=" ">
    <subfield code="a">P94</subfield>
  </datafield>
  <datafield tag="526" ind1=" " ind2=" ">
    <subfield code="a">P87</subfield>
  </datafield>
  <datafield tag="526" ind1=" " ind2=" ">
    <subfield code="a">P86</subfield>
  </datafield>
  <datafield tag="526" ind1=" " ind2=" ">
    <subfield code="a">P85</subfield>
  </datafield>
  <datafield tag="526" ind1=" " ind2=" ">
    <subfield code="a">P77</subfield>
  </datafield>
  <datafield tag="526" ind1=" " ind2=" ">
    <subfield code="a">P76</subfield>
  </datafield>
  <datafield tag="526" ind1=" " ind2=" ">
    <subfield code="a">P35</subfield>
  </datafield>
  <datafield tag="650" ind1=" " ind2="0">
    <subfield code="a">Juda&#xED;smo</subfield>
    <subfield code="x">Historia</subfield>
    <subfield code="y">Per&#xED;odo ex&#xED;lico, 586 a. C.-210 d. C.</subfield>
  </datafield>
  <datafield tag="650" ind1=" " ind2="0">
    <subfield code="a">Juda&#xED;smo</subfield>
    <subfield code="x">Periodo post-ex&#xED;lico (juda&#xED;smo).</subfield>
  </datafield>
  <datafield tag="700" ind1="1" ind2=" ">
    <subfield code="a">Blackwell, Ben C.,</subfield>
    <subfield code="d">1974-,</subfield>
    <subfield code="e">editor.</subfield>
  </datafield>
  <datafield tag="700" ind1="1" ind2=" ">
    <subfield code="a">Goodrich, John,</subfield>
    <subfield code="d">1981-,</subfield>
    <subfield code="e">editor</subfield>
  </datafield>
  <datafield tag="700" ind1="1" ind2=" ">
    <subfield code="a">Maston, Jason,</subfield>
    <subfield code="d">1978-,</subfield>
    <subfield code="e">editor.</subfield>
  </datafield>
  <datafield tag="910" ind1=" " ind2=" ">
    <subfield code="a">dbm</subfield>
    <subfield code="b">rri</subfield>
    <subfield code="c">rri</subfield>
    <subfield code="d">20190102</subfield>
  </datafield>
  <datafield tag="942" ind1=" " ind2=" ">
    <subfield code="2">ddc</subfield>
    <subfield code="c">BOOK</subfield>
  </datafield>
  <datafield tag="994" ind1=" " ind2=" ">
    <subfield code="a">C0</subfield>
    <subfield code="b">PEPRU</subfield>
  </datafield>
  <datafield tag="596" ind1=" " ind2=" ">
    <subfield code="a">1</subfield>
  </datafield>
  <datafield tag="999" ind1=" " ind2=" ">
    <subfield code="a">226.3067 R31</subfield>
    <subfield code="w">DEWEY</subfield>
    <subfield code="c">30672</subfield>
    <subfield code="i">79844</subfield>
    <subfield code="f">2021-11-9</subfield>
    <subfield code="g">4</subfield>
    <subfield code="l">CCODEBUL1</subfield>
    <subfield code="m">BUL</subfield>
    <subfield code="p">14.99</subfield>
    <subfield code="r">0</subfield>
    <subfield code="s">Y</subfield>
    <subfield code="t">BOOK</subfield>
    <subfield code="u">2019-1-2</subfield>
    <subfield code="x">TEOLOGIA</subfield>
    <subfield code="P">P85</subfield>
    <subfield code="0">COMPRA</subfield>
    <subfield code="1">FCOMPR2</subfield>
    <subfield code="o">.STAFF. Colecci&#xF3;n Teolog&#xED;a</subfield>
    <subfield code="d">30672</subfield>
  </datafield>
  <datafield tag="980" ind1=" " ind2=" ">
    <subfield code="8">1</subfield>
    <subfield code="g">ALBERTO SANCHEZ Responsable de Automatizaci&#xF3;n</subfield>
  </datafield>
  <datafield tag="952" ind1=" " ind2=" ">
    <subfield code="r">2025-12-02 00:00:00</subfield>
    <subfield code="i">5</subfield>
    <subfield code="l">0</subfield>
    <subfield code="o">226.3067 R31</subfield>
    <subfield code="p">79844</subfield>
    <subfield code="t">e1</subfield>
    <subfield code="v">19.99</subfield>
    <subfield code="w">2019-01-02</subfield>
    <subfield code="x">PG</subfield>
    <subfield code="y">BK</subfield>
    <subfield code="z">inventario-2023-12-13</subfield>
    <subfield code="1">0</subfield>
    <subfield code="2">ddc</subfield>
    <subfield code="5">0</subfield>
    <subfield code="7">0</subfield>
    <subfield code="8">GEN</subfield>
    <subfield code="f">P85</subfield>
    <subfield code="a">BUL</subfield>
    <subfield code="b">BUL</subfield>
    <subfield code="c">GEN</subfield>
    <subfield code="d">2019-01-02</subfield>
    <subfield code="e">COMPRA</subfield>
    <subfield code="g">14.99</subfield>
  </datafield>
</record>
